000 00600nam a22002417a 4500
003 UA-OsUOA
001 65041
007 ta
008 20091112b un ||||| |||| 00| 0 ukr d
100 _aКовальчук В.
090 _a94(477):929
_bК56
942 _cBK
040 _aUA-OsUOA
_bukr
_cUA-OsUOA
_dUA-OsUOA
245 _aСтепан Бандера
300 _a64 с.
955 _a2
041 _aukr
080 _a94(477):929
020 _a978-966-02-4988-2
260 _aК.
_c2009
650 7 _a9 Географія. Біографії. Історія
_2UDC
999 _c351150
_d351150